000 00738cab a2200253 4500
001 ABS58360
008 090401t1998 xxu||||| |||| 00| 0 eng d
035 _a(Sirsi) u84498
041 _aeng
100 _aPartridge, C.
245 4 _aThe business rates dilemma
260 _c1998
350 _a0
490 _aIRRV Insight
_vJanuary/February 1998, 28-29(2)
520 _aConsiders the implications of returning business rates to some form of local control.
650 _aBUSINESS IMPROVEMENT DISTRICT SCHEMES
650 _aBUSINESS RATES
650 _aLOCAL GOVERNMENT FINANCE
650 _aNON DOMESTIC RATING
650 _aUNIFORM BUSINESS RATE
690 _aRATING AND VALUATION
942 _n0
948 _c25/02/1998
999 _c53100
_d53100